000 00454nam a2200193Ia 4500
005 20250423095253.0
008 250422s9999 xx 000 0 und d
020 _a9781259095689
050 _aQH 308.2 .M33/
100 _aMader, Sylvia S.
245 0 _aEssentials of Biology
250 _a4th ed.
260 _aNew York
260 _bMcGraw Hill Education
260 _c2015
300 _a647 p
650 _aBiology--Textbooks.
942 _cBK
999 _c29762
_d29762